The UCSD Pascal handbook : a reference and guidebook for programmers

Αποθηκεύτηκε σε:
Λεπτομέρειες βιβλιογραφικής εγγραφής
Κύριος συγγραφέας: Clark, Randy
Άλλοι συγγραφείς: Koehler, Stephen
Μορφή: Βιβλίο
Γλώσσα:English
Δημοσίευση: Englewood Cliffs, N.J. : Prentice-Hall, c1982
Σειρά:Prentice Hall software series
Θέματα:
Ετικέτες: Προσθήκη ετικέτας
Δεν υπάρχουν, Καταχωρήστε ετικέτα πρώτοι!

MARC

LEADER 00000cam a2200000 i 4500
001 1/34871
008 950217s1982 eng d
020 |a 0139355448 ((pbk.)) 
020 |a 0139355367 
035 |l 10024201 
040 |a GR-MY-UA  |b gre  |e aacr 
041 0 |a eng 
082 0 |a 001.6424  |2 (19) 
100 1 |a Clark, Randy. 
245 1 4 |a The UCSD Pascal handbook :  |b a reference and guidebook for programmers /  |c Randy Clark, Stephen Koehler 
246 3 3 |a U.C.S.D. Pascal handbook 
260 |a Englewood Cliffs, N.J. :   |b Prentice-Hall,   |c c1982 
300 |a xvi, 356 p.;  |c 24 cm 
490 1 |a Prentice Hall software series 
500 |a Includes index 
504 |a Bibliography: p. 343-345 
650 0 0 |a UCSD Pascal (Computer program language) 
650 0 0 |a UCSD Pascal Software System (Computer system) 
700 1 |a Koehler, Stephen. 
830 0 |a Prentice Hall software series 
852 |a INST  |b CHIOS  |e 19950217  |h 001.6424 CLA  |p 005200006821  |q 005200006821  |t BK  |y 0 
909 |a Χ  |b 002057